El pensamiento político de Gandhi / (Record no. 64990)

MARC details
000 -LEADER
campo de control de longitud fija 00643nam a2200229 i 4500
001 - NÚMERO DE CONTROL
campo de control 64990
003 - IDENTIFICADOR DE NÚMERO DE CONTROL
campo de control ES-MaACL
005 - FECHA Y HORA DE LA ÚLTIMA TRANSACCIÓN
campo de control 20230906165256.0
007 - CAMPO FIJO DE DESCRIPCIÓN FÍSICA--INFORMACIÓN GENERAL
campo de control de longitud fija t|
008 - DATOS DE LONGITUD FIJA--INFORMACIÓN GENERAL
campo de control de longitud fija 040107s1967 sp ||||1| spa d
100 1# - ENTRADA PRINCIPAL--NOMBRE DE PERSONA
Nombre de persona Fraga Iribarne, Ana.
9 (RLIN) 52076
245 13 - MENCIÓN DEL TÍTULO
Título El pensamiento político de Gandhi /
Mención de responsabilidad, etc. Ana Fraga.
250 ## - MENCION DE EDICION
Mención de edición 1ª ed.
260 ## - PUBLICACIÓN, DISTRIBUCIÓN, ETC.
Lugar de publicación, distribución, etc. Madrid :
Nombre del editor, distribuidor, etc. Zyz,
Fecha de publicación, distribución, etc. 1967.
300 ## - DESCRIPCIÓN FÍSICA
Extensión 94 p. ;
Dimensiones 17 cm.
490 1# - MENCIÓN DE SERIE
Mención de serie Lee y discute. Serie roja ;
Designación de volumen o secuencia 28
600 14 - PUNTO DE ACCESO ADICIONAL DE MATERIA--NOMBRE DE PERSONA
Nombre de persona Gandhi, Mahatma.
9 (RLIN) 53835
830 1# - PUNTO DE ACCESO ADICIONAL DE SERIE-TÍTULO UNIFORME
Título uniforme Lee y discute. Serie roja ;
Designación de volumen o secuencia 28
9 (RLIN) 182113
852 ## - LOCALIZACIÓN
Ubicación ES-MaACL
Número de control de estantería C-33899
852 ## - LOCALIZACIÓN
Ubicación ES-MaACL
Número de control de estantería C-20236
Holdings
Estatus retirado Estado de pérdida Estado de daño No para préstamo Biblioteca de origen Biblioteca actual Ubicación en estantería Fecha de adquisición Fuente de adquisición Total de préstamos Signatura topográfica completa Código de barras Visto por última vez Precio de reemplazo Tipo de ítem Koha
        Biblioteca del Ateneo de Madrid Biblioteca del Ateneo de Madrid Galería 17/01/2008     C-20236 1068094 23/02/2023 23/02/2023 Libro impreso
        Biblioteca del Ateneo de Madrid Biblioteca del Ateneo de Madrid Depósito 2 17/01/2008     C-33899 1068093 23/02/2023 23/02/2023 Libro impreso